<?xml version="1.0" encoding="UTF-8"?>
<marc:record xmlns:marc="http://www.loc.gov/MARC21/slim">
   <marc:leader>00000nam a2200000 a 4500</marc:leader>
   <marc:datafield ind1="1" ind2=" " tag="100">
      <marc:subfield code="a">Poe, Edgar Allan</marc:subfield>
      <marc:subfield code="4">aut</marc:subfield>
      <marc:subfield code="e">Verfasser/-in</marc:subfield>
   </marc:datafield>
   <marc:datafield ind1=" " ind2=" " tag="653">
      <marc:subfield code="a">Gruselgeschichte</marc:subfield>
   </marc:datafield>
   <marc:datafield ind1=" " ind2=" " tag="653">
      <marc:subfield code="a">Englisch</marc:subfield>
   </marc:datafield>
   <marc:datafield ind1=" " ind2=" " tag="653">
      <marc:subfield code="a">Zweisprachig</marc:subfield>
   </marc:datafield>
   <marc:datafield ind1=" " ind2=" " tag="653">
      <marc:subfield code="a">Horrorgeschichte</marc:subfield>
   </marc:datafield>
   <marc:datafield ind1="0" ind2="0" tag="245">
      <marc:subfield code="a">Six great stories - Meistererzählungen</marc:subfield>
   </marc:datafield>
   <marc:datafield ind1=" " ind2="1" tag="264">
      <marc:subfield code="b">Dt. Taschenbuch-Verl.</marc:subfield>
      <marc:subfield code="c">1999</marc:subfield>
   </marc:datafield>
   <marc:datafield ind1="1" ind2=" " tag="520">
      <marc:subfield code="a">... an air of patronage and protection. Perhaps it was this latter trait in Wilson's conduct, conjoined with our identity of name, and the mere accident of our having entered the school upon the same day, which set afloat the notion that we were brothers. But assuredly if we had been brothers we must have been twins; for, after leaving Dr Bransby's, I casually learned that my namesake was born on the nineteenth of January, 1813 - and this day is precisely that of my own nativity.
Ms. Found in a Bottle - Das Manuskript in der Flasche
¬A¬ Tale of the Ragged Mountains - Eine Erzählung aus den Rauhen Bergen
William Wilson
¬The¬ Black Cat - Der schwarze Kater
¬The¬ Masque of the Red Death - Die Maske des Roten Todes
Ligeia</marc:subfield>
   </marc:datafield>
   <marc:datafield ind1="3" ind2=" " tag="024">
      <marc:subfield code="a">3423093021</marc:subfield>
   </marc:datafield>
</marc:record>
